Maryland Geography Quiz - Sudden Death - Statistics

General Stats
  • This quiz has been taken 449 times
  • The average score is 14 of 20
Answers on the Grid
Answers color-coded by a green-red scale on the quiz's grid according to % correct below.
Adirondack Mountains
Allegheny Mountains
Annapolis
Antietam National Battlefield
Assateague Island
Atlantic City
Atlantic Ocean
Baltimore
Cape Cod
Chesapeake Bay
Cincinnati
Cumberland
Delaware Bay
Delmarva Peninsula
Eastern Shore
Erie Canal
Fort McHenry
Francis Scott Key Bridge
Frederick
Great Smoky Mountains National Park
Gulf of Mexico
Hagerstown
Hudson River
Inner Harbor
Lake Ontario
Long Island Sound
Mason-Dixon Line
Mississippi River
Mount Hood
New England
Ocean City
Ohio River
Outer Banks
Potomac River
Quad Cities
Richmond
Shenandoah National Park
Susquehanna River
U.S. Naval Academy
Upper Peninsula
 
Answer Stats
Answer % Correct
Annapolis
96%
Baltimore
93%
Chesapeake Bay
82%
Atlantic Ocean
81%
Frederick
79%
Francis Scott Key Bridge
76%
Ocean City
76%
Eastern Shore
74%
Hagerstown
73%
U.S. Naval Academy
73%
Antietam National Battlefield
72%
Mason-Dixon Line
72%
Cumberland
71%
Potomac River
68%
Fort McHenry
66%
Inner Harbor
64%
Assateague Island
63%
Delmarva Peninsula
61%
Allegheny Mountains
53%
Susquehanna River
52%
No matching quizzes found
Score Distribution
Percent of People with Each Score
Percentile by Number Answered
Your Score History
You have not taken this quiz